| 000 | 01278cam a22003857a 4500 | ||
|---|---|---|---|
| 001 | 6876 | ||
| 003 | FISKH | ||
| 005 | 20250604103101.0 | ||
| 008 | 120717s2012 nyua j 000 1 eng d | ||
| 010 | _a 2011278470 | ||
| 020 | _a9780448457659 | ||
| 020 | _a9780448457659 | ||
| 020 | _a0448457652 | ||
| 035 | _a(OCoLC)ocn731911144 | ||
| 040 |
_aBTCTA _beng _cBTCTA _deng |
||
| 050 | _aPZ7 .B8826 | ||
| 082 | _a567.9 | ||
| 100 | _aAnonymous | ||
| 245 | 0 | 0 | _aBuddy's playdate. |
| 260 |
_aNew York : _bGrosset & Dunlap, _c2012. |
||
| 300 |
_a32 unnumbered pages : _bcolor illustrations ; _c21 cm |
||
| 500 | _a"Based on the television series created by Craig Bartlett." | ||
| 500 | _aAt head of title: Jim Hensen's Dinosaur train. | ||
| 505 | _aF | ||
| 520 | _aWhen Buddy makes a new friend in Annie, a fellow tyrannosaurus, his adopted sister Tiny fears he likes playing with Annie more than her, and she runs away from home. | ||
| 521 | 8 |
_a300
_bLexile estimate |
|
| 521 | 8 |
_aF
_bRaz-Plus |
|
| 650 | 0 |
_aDinosaurs _vJuvenile fiction. |
|
| 650 | 0 |
_aFriendship _vJuvenile fiction. |
|
| 650 | 1 |
_aDinosaurs _vFiction. |
|
| 650 | 1 |
_aFriendship _vFiction. |
|
| 906 |
_a7 _bcbc _ccopycat _d2 _encip _f20 _gy-gencatlg |
||
| 942 |
_2ddc _cBK _n0 |
||
| 999 |
_c6876 _d6876 |
||